000 02168nam a2200277 4500
001 ESSALUD
005 20260701112933.0
007 ta
008 t pe ||||| |||| 00| 0 spa d
040 _aBMG
041 _aspa
100 _aPineda Aubián, Martín
_eAutor
_953040
245 _aLa carga de la prueba en el pago por error. Un análisis del artículo 1273 del Código Civil
246 _aThe burden of proof in payment by mistake. An analysis of article 1273 of the Civil Code
300 _apáginas 17-22
520 _aEl autor analiza el régimen probatorio del pago por error bajo los alcances del artículo 1273 del Código Civil peruano. Así, comenta la importancia sustantiva y procesal de esta norma, examinando la regla general que atribuye la carga de la prueba al demandante y los supuestos excepcionales de inversión de dicha carga. Igualmente, estudia las situaciones en las que el demandado debe justificar la retención del pago para desvirtuar la pretensión de restitución, ofreciendo una visión integral sobre la dinámica probatoria en las controversias de enriquecimiento indebido.
520 _aThe author analyzes the evidentiary regime of payment by mistake under the scope of Article 1273 of the Peruvian Civil Code. The study discusses the substantive and procedural significance of this provision, examining the general rule thot assigns the burden of proof to the plaintiff, as well as the exceptional circumstances involving the shifting of the burden of proof Furthermore, it explores the scenarios in which the defendant must justify the retention of the payment to rebut the claim far restitution, offering o comprehensive overview of the evidentiary dynamics in unjust enrichment disputes.
650 _aCARGA DE LA PRUEBA
_953041
650 _aPAGO POR ERROR
_953042
650 _aENRIQUECIMIENTO INDEBIDO
_953043
650 _aBURDEN OF PROOF
_953044
650 _aPAYMENT BY MISTAKE
_953045
650 _aUNJUST ENRICHMENT
_953046
773 0 _022573
_922621
_dLima Grupo Praxis Formación Profesional, 2026-
_oPRA002
_tPraxis Civil & Procesal Civil
_wESSALUD
_x3119-7671
942 _cARTICULOS
_e2026-07-01
_zsqb
999 _c22592
_d22592